| 000 | 00362 a2200157 4500 | ||
|---|---|---|---|
| 005 | 20250627121945.0 | ||
| 020 | _a81-203-20600-3 | ||
| 082 | _a330 PET | ||
| 100 | _aPETERSEN, H. C. | ||
| 245 | _aManagerial Economics | ||
| 250 | _a4th Ed. | ||
| 260 |
_aNew Delhi _bPrentice Hall, _c1999. |
||
| 300 |
_a662p.; _c24cm |
||
| 700 | _aLEWIS, W. C. | ||
| 942 |
_2ddc _cBKS |
||
| 999 |
_c5619 _d5619 |
||